| Tag |
First Indicator |
Second Indicator |
Subfields |
| LEADER |
00000cam a2200000 a 4500 |
| 001 |
in00002017713 |
| 005 |
20151031144831.0 |
| 008 |
910805s1968 maua b 000 0 eng d |
| 035 |
|
|
|a (OCoLC)ocm24181039
|
| 040 |
|
|
|a AFM
|c AFM
|d OLA
|d TXA
|d UtOrBLW
|
| 049 |
|
|
|a TXAM
|
| 090 |
|
|
|a GC1
|b .W582 no.68-68
|
| 100 |
1 |
|
|a Millard, Robert C.
|
| 245 |
1 |
0 |
|a Wind measurements from buoys :
|b a sampling scheme /
|c by Robert C. Millard, Jr.
|
| 264 |
|
1 |
|a Woods Hole, Mass. :
|b Woods Hole Oceanographic Institution,
|c 1968.
|
| 300 |
|
|
|a 31 leaves :
|b illustrations ;
|c 28 cm.
|
| 336 |
|
|
|a text
|b txt
|2 rdacontent
|
| 337 |
|
|
|a unmediated
|b n
|2 rdamedia
|
| 338 |
|
|
|a volume
|b nc
|2 rdacarrier
|
| 490 |
1 |
|
|a Woods Hole, Mass. Oceanographic Institution ;
|v Reference no. 68-68.
|a Technical report
|
| 500 |
|
|
|a "October 1968."
|
| 504 |
|
|
|a Includes bibliographical references (leaves 17-18).
|
| 650 |
|
0 |
|a Winds
|x Measurement.
|
| 650 |
|
0 |
|a Winds
|x Speed.
|
| 650 |
|
0 |
|a Ocean-atmosphere interaction.
|
| 710 |
1 |
|
|a United States.
|b Office of Naval Research.
|
| 710 |
2 |
|
|a Woods Hole Oceanographic Institution.
|
| 830 |
|
0 |
|a Woods Hole Oceanographic Institution (Series) ;
|v no. 68-68.
|
| 830 |
|
0 |
|a Technical report (Woods Hole Oceanographic Institution)
|
| 948 |
|
|
|a cataloged
|b h
|c 2004/12/2
|d c
|e dmitchel
|f 11:00:00 am
|
| 994 |
|
|
|a E0
|b TXA
|
| 999 |
|
|
|a MARS
|
| 999 |
f |
f |
|s 4f027bbc-c54d-36c5-9d43-9423059f34b9
|i 6999385f-23fa-3432-bef3-d330e25d19c2
|t 0
|
| 952 |
f |
f |
|p ric
|a Texas A&M University
|b Rellis Campus
|c Joint Library Facility
|d Remote Storage
|t 0
|e GC1 .W582 no.68-68
|h Library of Congress classification
|i unmediated -- volume
|m A14831639180
|
| 998 |
f |
f |
|a GC1 .W582 no.68-68
|t 0
|l Remote Storage
|